| 000 | 00344nam a22001337a 4500 | ||
|---|---|---|---|
| 008 | 230929b |||||||| |||| 00| 0 eng d | ||
| 082 | _a105.32 | ||
| 100 | _aT.N. Ratho | ||
| 245 |
_aEmerging Trends in Teaching of Computer Sciences _cT.N. Ratho |
||
| 260 |
_aDelhi _bKanishka _c1995 |
||
| 300 | _a375 | ||
| 796 | _aT.N. Ratho | ||
| 942 |
_2ddc _cBK |
||
| 999 |
_c20283 _d20283 |
||